000 01230nam a2200337 i 4500
001 000049119
003 DO-SdBNP
005 20251113101913.0
007 ta
008 190722s2014 dr a r 000 0 spa d
020 _a9789945410402
040 _aDO-SdBNP
_bspa
_cBNPHU
_erda
041 _aspa
082 4 _a927.9
_bR896mi 2014
_222
100 1 _aRubirosa, Porfirio,
_d1909-1965
_97030
_4aut.
_eautor
245 1 0 _aMi vida como playboy /
_cPorfirio Rubirosa.
264 4 _aSanto Domingo, República Dominicana :
_bEditorial Letra Gráfica,
_c©2014.
300 _a157 páginas :
_bilustraciones ;
_c22 cm.
336 _atexto
_btxt
_2rdacontent
337 _asin mediación
_bn
_2rdamedia
338 _avolumen
_bnc
_2rdacarrier
500 _aIncluye datos biográficos del autor en la solapa de la cubierta
590 _aInventariado, 2020/BT
600 1 4 _aRubirosa, Porfirio,
_b1909-1965
_97030
600 1 4 _aRubirosa, Porfirio,
_d1909-1965
_xRelaciones con mujeres
_97031
650 4 _aDiplomáticos
_zRepública Dominicana
_vBiografías
_97032
650 4 _aCelebridades
_xBiografías
_97033
651 4 _aRepública Dominicana
_vBiografías
_91083
910 _aValidado. Control de calidad MFF
942 _2ddc
_cLBS1
999 _c48607
_d48607